000 011410000a22002170004500
020 _a978-1-58802-421-3
082 0 4 _aG 268.4 L441e
100 1 _aLeBar, Lois E. (1907-)
245 1 0 _aEducación que es cristiana : una introducción a la filosofía de la educación cristiana / Lois E. Lebar
260 _aMiami, Fl. : Patmos
300 _a269 p.
501 _arústico
504 _aTitulo original en inglés. Education that is christian
505 0 0 _aLa necesidad de cimientos para la enseñanza cristiana -- Excepcionales patrones de educación -- El maestro venido de Dios -- Enseñanza de otros pasajes de la escritura -- El uso de la Biblia en la enseñanza -- El proceso de enseñanza aprendizaje -- Autoridad y creatividad -- La estructura del currículo -- Colaboración entre el maestro humano y el Maestro divino
650 1 4 _aEDUCACION CRISTIANA \ FILOSOFIA DE LA EDUCACION \ EDUCACION - ENSEÑANZA \ BIBLIA - ENSEÑANZA \ EDUCACION RELIGIOSA - METODOS DE ENSEÑANZA
001 12180
942 _cBK
999 _c41206
_d41206
336 _atexto
_btxt
_2rdacontent
337 _2rdamedia
_asin mediación
_bn
338 _2rdacarrier
_avolumen
_bnc